Highest Inventoried US Air Force Jets - Statistics

General Stats
  • This quiz has been taken 33 times
  • The average score is 10 of 15
Answer Stats
# OF AIRCRAFT PROPULSION AIRCRAFT % Correct
149 JET F-15C/D EAGLE
100%
862 JET F-16C/D FIGHTING FALCON
100%
408 JET F-35A LIGHTNING II
100%
218 JET F-15E STRIKE EAGLE
97%
185 JET F-22A RAPTOR
97%
126 PROPELLER C-130H HERCULES
73%
151 PROPELLER C-130J SUPER HERCULES
70%
261 JET A-10C THUNDERBOLT II
67%
222 JET C-17A GLOBEMASTER III
67%
495 JET T-38A/C TALON
50%
442 PROPELLER T-6A TEXAN II
50%
376 JET KC-135R/T STRATOTANKER
47%
86 JET KC-46A PEGASUS
37%
224 PROPELLER MQ-9A REAPER
20%
127 JET T-1A JAYHAWK
17%
No matching quizzes found
Score Distribution
Percent of People with Each Score
Percentile by Number Answered
Your Score History
You have not taken this quiz